000 00648nam a2200277Ia 4500
005 20260324143223.0
008 008 260324s9999 xx 000 0 eng d
020 _a9781003067009
037 _aEBOOK
040 _aCRL
040 _beng
040 _cCRL
041 _2eng
041 _aeng
084 _qCRL
100 _aVictor Davidson
_91214838
245 0 _aPrinciples and Applications of Quinoproteins
260 _bTaylor and Francis
260 _c1992
365 _a
365 _b640
856 _uhttp://www.taylorfrancis.com/books/9781003067009
942 _cEBOOK
999 _c1819969
_d1819969